MARC details
| 000 -LEADER |
| fixed length control field |
01959cam a2200421 i 4500 |
| 001 - CONTROL NUMBER |
| control field |
15106977 |
| 003 - CONTROL NUMBER IDENTIFIER |
| control field |
EG-ScBUE |
| 005 - DATE AND TIME OF LATEST TRANSACTION |
| control field |
20240625093615.0 |
| 008 - FIXED-LENGTH DATA ELEMENTS--GENERAL INFORMATION |
| fixed length control field |
071210s2009 nyub f b 001 0 eng d |
| 020 ## - INTERNATIONAL STANDARD BOOK NUMBER |
| International Standard Book Number |
1403984778 (Hardcover ed.) |
| 020 ## - INTERNATIONAL STANDARD BOOK NUMBER |
| International Standard Book Number |
9781403984777 (Hardcover ed.) |
| 035 ## - SYSTEM CONTROL NUMBER |
| System control number |
(OCoLC)ocn156832004 |
| 035 ## - SYSTEM CONTROL NUMBER |
| System control number |
(OCoLC)156832004 |
| 040 ## - CATALOGING SOURCE |
| Original cataloging agency |
DLC |
| Language of cataloging |
eng |
| Description conventions |
rda |
| Transcribing agency |
DLC |
| Modifying agency |
DLC |
| -- |
EG-ScBUE |
| 043 ## - GEOGRAPHIC AREA CODE |
| Geographic area code |
f-ua--- |
| 082 04 - DEWEY DECIMAL CLASSIFICATION NUMBER |
| Classification number |
962.055 |
| Edition number |
22 |
| Item number |
BRA |
| 100 1# - MAIN ENTRY--PERSONAL NAME |
| 9 (RLIN) |
11798 |
| Personal name |
Bradley, John R., |
| Dates associated with a name |
1970- |
| Relator term |
author. |
| 245 10 - TITLE STATEMENT |
| Title |
Inside Egypt : |
| Remainder of title |
the land of the Pharaohs on the brink of a revolution / |
| Statement of responsibility, etc |
John R. Bradley. |
| 264 #1 - PUBLICATION, DISTRIBUTION, ETC. (IMPRINT) |
| Place of publication, distribution, etc |
New York : |
| Name of publisher, distributor, etc |
Palgrave Macmillan, |
| Date of publication, distribution, etc |
2009. |
| 300 ## - PHYSICAL DESCRIPTION |
| Extent |
246 pages : |
| Other physical details |
maps ; |
| Dimensions |
25 cm |
| 336 ## - CONTENT TYPE |
| Source |
rdacontent |
| Content type term |
text |
| Content type code |
txt |
| 337 ## - MEDIA TYPE |
| Media type term |
unmediated |
| Source |
rdamedia |
| Media type code |
n |
| 338 ## - CARRIER TYPE |
| Carrier type term |
volume |
| Carrier type code |
nc |
| Source |
rdacarrier |
| 504 ## - BIBLIOGRAPHY, ETC. NOTE |
| Bibliography, etc |
Includes bibliographical references and index. |
| 505 0# - FORMATTED CONTENTS NOTE |
| Formatted contents note |
A failed revolution -- The brothers -- Sufis and Christians -- The Bedouin -- Torture -- Corruption -- Lost dignity -- Egypt after Mubarak. |
| 651 #7 - SUBJECT ADDED ENTRY--GEOGRAPHIC NAME |
| Geographic name |
Egypt |
| General subdivision |
Politics and government |
| Chronological subdivision |
1952-1970. |
| Source of heading or term |
BUEsh |
| 9 (RLIN) |
11805 |
| 651 #7 - SUBJECT ADDED ENTRY--GEOGRAPHIC NAME |
| Geographic name |
Egypt |
| General subdivision |
Politics and government |
| Chronological subdivision |
1970-1981. |
| Source of heading or term |
BUEsh |
| 9 (RLIN) |
11806 |
| 651 #7 - SUBJECT ADDED ENTRY--GEOGRAPHIC NAME |
| Geographic name |
Egypt |
| General subdivision |
Politics and government |
| Chronological subdivision |
1981- |
| Source of heading or term |
BUEsh |
| 9 (RLIN) |
11807 |
| 651 #7 - SUBJECT ADDED ENTRY--GEOGRAPHIC NAME |
| Geographic name |
Egypt |
| General subdivision |
Social conditions |
| Chronological subdivision |
1952-1970. |
| Source of heading or term |
BUEsh |
| 9 (RLIN) |
11808 |
| 651 #7 - SUBJECT ADDED ENTRY--GEOGRAPHIC NAME |
| Geographic name |
Egypt |
| General subdivision |
Social conditions |
| Chronological subdivision |
1970-1981. |
| Source of heading or term |
BUEsh |
| 9 (RLIN) |
11809 |
| 651 #7 - SUBJECT ADDED ENTRY--GEOGRAPHIC NAME |
| Geographic name |
Egypt |
| General subdivision |
Social conditions |
| Chronological subdivision |
1981- |
| Source of heading or term |
BUEsh |
| 9 (RLIN) |
11810 |
| 655 ## - INDEX TERM--GENRE/FORM |
| Form subdivision |
Reading book |
| 856 42 - ELECTRONIC LOCATION AND ACCESS |
| Materials specified |
Contributor biographical information |
| Uniform Resource Identifier |
<a href="http://www.loc.gov/catdir/enhancements/fy0807/2007050070-b.html">http://www.loc.gov/catdir/enhancements/fy0807/2007050070-b.html</a> |
| 856 42 - ELECTRONIC LOCATION AND ACCESS |
| Materials specified |
Publisher description |
| Uniform Resource Identifier |
<a href="http://www.loc.gov/catdir/enhancements/fy0807/2007050070-d.html">http://www.loc.gov/catdir/enhancements/fy0807/2007050070-d.html</a> |
| 856 41 - ELECTRONIC LOCATION AND ACCESS |
| Materials specified |
Table of contents only |
| Uniform Resource Identifier |
<a href="http://www.loc.gov/catdir/enhancements/fy0812/2007050070-t.html">http://www.loc.gov/catdir/enhancements/fy0812/2007050070-t.html</a> |
| 942 ## - ADDED ENTRY ELEMENTS (KOHA) |
| Source of classification or shelving scheme |
Dewey Decimal Classification |
| Koha item type |
Book - Borrowing |